[Event "XIX Sants Open 2017"]
[Site "Cotxeres de Sants"]
[Date "2017.08.23"]
[Round "6"]
[White "Diaz Camallonga, Carles"]
[Black "Groetzbach, Julian"]
[Result "0-1"]
[WhiteElo "2437"]
[BlackElo "2251"]
[Annotator "TA"]
[PlyCount "84"]
[EventDate "2017.??.??"]
[EventType "swiss"]
[EventCountry "ESP"]
[SourceTitle "playchess.com"]
[Source "ChessBase"]
[SourceQuality "1"]

{[%evp 9,84,-18,-19,-83,-78,-77,-82,-82,-83,-85,-77,-88,-69,-92,-80,-111,-97,-116,-118,-124,-86,-93,-98,-103,-95,-124,-100,-127,-122,-203,-208,-308,-315,-272,-183,-183,-181,-181,-181,-298,-178,-285,-275,-330,-319,-339,-316,-386,-378,-401,-399,-393,-373,-438,-429,-406,-402,-445,-429,-465,-456,-466,-454,-619,-597,-704,-694,-888,-874,-763,-597,-1703,-1512,-1834,-1481,-1783,-1627]} 1. e4 c6 2. d4 d5 3. Nc3 dxe4 4. Nxe4 Bf5 5. Bd3 Qxd4 {LiveBook: 6 Games} 6. Qf3 {B18: Classical Caro-Kann: 4...Bf5 sidelines} (6. Nf3 $11 Qd8 7. Qe2) (6. Nf3 Qd8 7. Qe2 Bxe4 8. Qxe4 Nd7 9. Be3 e6 10. O-O-O Qa5 11. Kb1 Ngf6 12. Qh4 Bc5 13. Rhe1 Bxe3 14. Rxe3 {½-½ (27) Kontic,D (2369)-Doric,D (2477) Budva 2009}) 6... Bxe4 $17 7. Bxe4 Nf6 8. Bd3 {Black is better.} e6 9. Ne2 Qg4 10. Qxg4 Nxg4 11. Bf4 Bc5 12. Bg3 $146 ({Predecessor:} 12. O-O O-O 13. h3 Nf6 {0-1 (73) Kordos,A (1518)-Gono,M (1698) Liptovsky Mikulas 2007}) 12... Nd7 13. h3 Nge5 14. O-O-O O-O 15. f4 Nxd3+ 16. Rxd3 Nf6 17. Rhd1 Bb6 18. Bh4 Nd5 19. g3 (19. Rf3 $17) 19... Ne3 $19 20. R1d2 {[#]} (20. Re1 $142) 20... Nf5 $1 21. Rd1 Nxh4 22. gxh4 Rfd8 23. Rxd8+ Rxd8 24. Rxd8+ Bxd8 {[%mdl 4096] Endgame KB-KN} 25. Kd2 (25. h5 {was the only defense.}) 25... Bxh4 26. Ke3 Kf8 27. b3 Bf6 28. Ke4 g6 29. Nc1 Ke7 30. Nd3 Bg7 31. Nc5 b6 32. Nd3 f5+ 33. Kf3 Kd6 {Black is clearly winning.} 34. c4 c5 35. Ne1 e5 36. fxe5+ Kxe5 37. Nd3+ Kd4 38. Nf4 Kc3 39. Ne6 Bd4 40. Kf4 Kb2 41. Kg5 Be3+ 42. Kf6 Bh6 {Precision: White = 21%, Black = 83%.} 0-1

[Event "XIX Sants Open 2017"]
[Site "Cotxeres de Sants"]
[Date "2017.08.23"]
[Round "6"]
[White "Petrosyan, Tigran S"]
[Black "Heimann, Andreas"]
[Result "1/2-1/2"]
[WhiteElo "2430"]
[BlackElo "2591"]
[Annotator "TA"]
[PlyCount "68"]
[EventDate "2017.??.??"]
[EventType "swiss"]
[EventCountry "ESP"]
[SourceTitle "playchess.com"]
[Source "ChessBase"]
[SourceQuality "1"]

{[%evp 22,68,15,-48,-6,0,22,0,0,0,25,23,39,10,25,32,29,0,0,0,21,23,20,0,0,0,0,0,0,0,0,0,0,0,0,0,0,0,0,0,0,0,0,0,0,0,0,0,0]} 1. Nf3 Nf6 2. c4 c5 3. d4 cxd4 4. Nxd4 Nc6 5. Nc3 e6 6. g3 Qb6 7. Nb3 Ne5 8. e4 Bb4 9. Qe2 d6 10. Bd2 {A33: Symmetrical English: 2 Nf3 Nf6 3 d4 cxd4 4 Nxd4 e6 5 Nc3 Nc6} O-O (10... a5 11. f4 Nc6 12. Na4 Bxd2+ 13. Nxd2 Qa7 14. Nc3 Nd4 15. Qd3 Ng4 16. Nd1 e5 17. Nf3 Nxf3+ 18. Qxf3 exf4 19. gxf4 {½-½ (58) Anand,V (2803)-So,W (2760) Bilbao 2015}) 11. f4 Nc6 12. Bg2 {LiveBook: 9 Games} (12. O-O-O $1 $11) 12... a5 13. Be3 $146 ({Predecessor:} 13. Rc1 a4 14. Be3 Qd8 15. Nd2 a3 16. b3 e5 17. Nd5 exf4 18. Bb6 Qd7 19. gxf4 {½-½ (30) Mijailovic,Z (2394)-Perunovic,M (2384) Kragujevac 2000}) 13... Qd8 14. a3 (14. a4 {looks sharper.} e5 15. f5 b6 16. O-O Ba6 17. Rfd1) 14... Bxc3+ $1 15. bxc3 e5 (15... a4 $5 {[%cal Ra4b3]} 16. Nd2 e5 $14) 16. f5 b6 17. Rb1 Ba6 18. Nd2 Nd7 19. O-O f6 20. g4 Rc8 21. Rf3 a4 22. Qf2 {[%cal Re3b6] The position is equal.} Na5 {[%cal Bc6a5,Ba5c4,Bc4e3][%mdl 32]} 23. Rxb6 Bxc4 24. Rxd6 {[#] Hoping for Bb6.} Qe7 25. Nxc4 Nxc4 26. Rd1 Rc7 27. Bf1 Nxe3 28. Qa2+ Qf7 29. Qxf7+ Kxf7 30. Rxe3 Rb8 31. Bc4+ Rxc4 32. Rxd7+ Kg8 33. Ra7 h6 34. h3 Rb3 {Precision: White = 55%, Black = 54%.} 1/2-1/2

[Event "XIX Sants Open 2017"]
[Site "Cotxeres de Sants"]
[Date "2017.08.23"]
[Round "6"]
[White "Erdogdu, Mert"]
[Black "Grigoryan, Karen H"]
[Result "1/2-1/2"]
[WhiteElo "2423"]
[BlackElo "2570"]
[Annotator "TA"]
[PlyCount "160"]
[EventDate "2017.??.??"]
[EventType "swiss"]
[EventCountry "ESP"]
[SourceTitle "playchess.com"]
[Source "ChessBase"]
[SourceQuality "1"]

{[%evp 20,159,-8,-25,-13,0,3,20,20,-13,-12,-24,-11,-16,0,-18,4,-49,-51,-68,-15,-52,-48,-47,-52,-49,-54,-57,-39,-56,-56,-79,-63,-68,-70,-64,-68,-93,-33,-35,-43,-40,-35,-94,-88,-79,-90,-92,-66,-77,-43,-51,-48,-59,-75,-82,-72,-161,-85,-151,-157,-186,-185,-164,-132,-135,-130,-205,-205,-210,-210,-206,-205,-177,-186,-185,-88,-81,-88,-194,-198,-202,-202,-375,-375,-503,-496,-491,-466,-440,-377,-256,-306,-306,-305,-305,-298,-291,0,-256,0,-318,-268,-268,-267,-267,-26,-26,-26,-120,-120,-120,-120,-120,-120,-120,-120,-120,-4,-4,-4,-8,-4,-84,-84,-106,-106,-106,-106,-106,-106,-106,-106,-106,-106,-106,-106,-106,-8,-8,-4,-4]} 1. c4 e5 2. Nc3 Nf6 3. g3 Bb4 4. Bg2 O-O 5. e4 Bxc3 6. bxc3 c6 7. Ne2 d5 8. cxd5 {A22: English Opening: 1...e5 2 Nc3 Nf6} cxd5 9. exd5 Nxd5 10. O-O Nc6 11. h3 {LiveBook: 3 Games} (11. Rb1 Nb6 12. d4 Be6 13. a4 Bd5 14. Rb5 Bxg2 15. Kxg2 a6 {½-½ (31) Li,C (2748)-Wang,H (2705) Zaozhuang 2015}) 11... Be6 12. d4 Qa5 13. Bd2 {Threatens to win with c4.} exd4 14. cxd4 (14. c4 {feels hotter.} Nc3 15. Bxc6 bxc6 16. Nxd4 Nxd1 17. Bxa5 Nb2 18. Bc3) 14... Qd8 $146 ({Find the theoretical novelty and annotate with similar games:} 14... Qa6 15. Nf4 Nxf4 16. Bxf4 {1-0 (29) Sakharov,Y-Krzyszton,J corr 1974}) 15. Kh2 Qd7 16. a4 Rad8 17. a5 Nde7 18. Re1 (18. Nf4 $11) 18... Bd5 $15 ({But not} 18... Nxd4 $6 19. Nxd4 Qxd4 20. Be3 $14) 19. f3 Bc4 ({Black should try} 19... h5 $15) 20. Qa4 Bxe2 21. Rxe2 Nxd4 22. Rf2 Nec6 23. f4 Rfe8 24. Qc4 a6 25. Re1 h5 (25... Rxe1 {looks sharper.} 26. Bxe1 Qe7 27. Bd2 h5 28. Qd3 Rd7) 26. Rxe8+ Qxe8 27. Qc3 Qe6 28. Qb2 Qb3 (28... Rd7 $17) 29. Bc3 Qxb2 30. Rxb2 Nb5 31. Bxc6 (31. Bd2 $15) 31... bxc6 {[%mdl 4096] Endgame KRB-KRN} 32. Bb4 Rd4 33. Bc5 Ra4 34. Bb6 {[#]} c5 $1 {[%mdl 512]} 35. Bxc5 Rxa5 36. Rd2 Ra4 37. f5 Nc3 38. Rd8+ Kh7 {Hoping for ...Ne4.} 39. Bb6 (39. Kg2 $142) 39... Ne4 $17 40. Bc7 Ra2+ 41. Kg1 Ng5 42. h4 Nh3+ 43. Kh1 (43. Kf1 $17) 43... Nf2+ $1 $19 44. Kg1 Ng4 $1 45. Bf4 a5 46. Rd7 f6 $1 47. Ra7 Nh6 (47... a4 $19 {has better winning chances.} 48. Ra5 Ra1+ 49. Kg2 a3) 48. Bxh6 $17 Kxh6 {KR-KR} 49. Ra6 (49. Ra8 $17 {was forced.} Ra1+ 50. Kf2) 49... a4 $19 50. Kf1 a3 51. Kg1 $2 (51. Ra7 {was necessary.}) 51... Kh7 52. Ra8 g6 $1 53. Ra7+ Kh6 54. Ra6 gxf5 55. Rxf6+ Kg7 56. Ra6 Kf7 57. Kf1 Ke7 58. Ke1 Kf7 59. Kf1 $1 Ke7 60. Ke1 Kd7 61. Kd1 Ra1+ 62. Kc2 a2 $2 (62... Ke7 $1 $19 63. Ra8 a2) 63. Kb3 $11 Rg1 64. Rxa2 (64. Kxa2 $11 Rxg3 65. Rh6) 64... Rxg3+ $17 65. Kc4 Ke6 66. Kd4 Rg4+ 67. Ke3 Rxh4 68. Ra8 Rh1 (68... Kf6 $17 {Black wants to play ...Rb4.} 69. Rf8+ Kg6) 69. Kf4 $1 $11 Rf1+ 70. Kg3 Rg1+ 71. Kf3 (71. Kh4 $11 {keeps the balance.}) 71... h4 $1 $17 72. Rh8 {[#]} Rg3+ $1 73. Kf4 Rg4+ 74. Kf3 Ra4 75. Re8+ {[#]} Kf7 $1 {[%cal Rf7e8]} 76. Rh8 Kg7 77. Rh5 Kf6 78. Rh8 h3 ({Black should play} 78... Rd4 $17 {next ...Kg7 is good for Black.} 79. Rf8+ Kg5 80. Rg8+ Kf6 81. Rf8+ Kg6 82. Rg8+ Kf7) 79. Rxh3 Ra3+ (79... Ke5 $5 {[%cal Ra4a3]} 80. Kf2 Ke4 $11) 80. Kf4 Rxh3 $2 {[%mdl 8192] Precision: White = 50%, Black = 57%.} (80... Ra1) 1/2-1/2

[Event "XIX Sants Open 2017"]
[Site "Cotxeres de Sants"]
[Date "2017.08.23"]
[Round "6"]
[White "Souleidis, Georgios"]
[Black "Praggnanandhaa R"]
[Result "0-1"]
[WhiteElo "2397"]
[BlackElo "2487"]
[Annotator "TA"]
[PlyCount "85"]
[EventDate "2017.??.??"]
[EventType "swiss"]
[EventCountry "ESP"]
[SourceTitle "playchess.com"]
[Source "ChessBase"]
[SourceQuality "1"]

{[%evp 30,85,17,0,0,0,0,0,0,0,0,-20,56,-77,-79,-77,-77,-86,-76,-79,-79,-80,-85,-79,-79,-78,-87,-100,-100,-124,-120,-114,-120,-121,-133,-125,-132,-134,-130,-132,-112,-221,-224,-238,-221,-363,-357,-624,-430,-417,-415,-396,-376,-457,-438,-447,-441,-550]} 1. e4 e5 2. Nf3 Nc6 3. Bc4 Nf6 4. d3 Bc5 5. c3 O-O 6. Nbd2 a6 7. O-O d6 8. Bb3 Re8 9. h3 h6 10. Re1 Be6 11. Bc2 Ba7 12. Nf1 {C54: Giuoco Piano: 4 c3 Nf6, main lines with 5 d4 and 5 d3} d5 13. exd5 Nxd5 (13... Bxd5 14. Ng3 Qd7 15. Be3 Bxe3 16. Rxe3 Re7 17. Nh4 g6 18. c4 Be6 19. Qf3 Kg7 {½-½ (27) Giri,A (2785)-Nakamura,H (2786) Moscow 2017}) 14. Ng3 Qd6 15. Nh4 Qd8 16. Nf3 {LiveBook: 17 Games} Qd6 17. Nh4 Qe7 18. Nf3 Rad8 19. Bd2 Qd6 {[#]} 20. Nh4 $146 ({Predecessor:} 20. Qe2 Bd7 21. Qf1 f5 22. Kh1 Kh8 23. b4 Nf6 {1-0 (43) Bologan,V (2640)-Romanov,E (2619) Sochi 2016}) 20... Nf4 (20... Qc5 $11) 21. Ngf5 (21. Bxf4 $14 {keeps the upper hand.} exf4 22. Ne4) 21... Bxf5 $1 $17 ({Stronger than} 21... Qc5 22. d4 $1 $16 {[%mdl 512]}) 22. Nxf5 Qg6 $36 {[%csl Gf4][%cal Rg6g2][%mdl 2048] Black has strong initiative.} 23. Bxf4 {[#] d4 is the strong threat.} Bxf2+ $1 24. Kxf2 {Threatens to win with d4.} Qxf5 25. Qg4 Qxf4+ 26. Qxf4 exf4 27. d4 Ne7 28. Kf3 g5 29. h4 Kg7 ({Don't play} 29... gxh4 $6 30. Be4 $11) 30. hxg5 hxg5 31. Re5 f6 32. Re2 Ng6 {Hoping for ...g4+!} 33. Rae1 Rxe2 34. Rxe2 Rh8 35. Bxg6 (35. Kf2 $17 {keeps fighting.}) 35... Kxg6 {[%mdl 4096] Endgame KR-KR} 36. Re7 Rh7 37. Re8 (37. Rxh7 $142 Kxh7 38. Ke4) 37... Kf5 $19 38. a4 $2 (38. g4+ fxg3 39. Kxg3) 38... Rh1 39. g4+ fxg3 $1 40. Kxg3 Rg1+ 41. Kf3 g4+ 42. Kf2 Rb1 43. b4 {Precision: White = 43%, Black = 90%.} 0-1

[Event "XIX Sants Open 2017"]
[Site "Cotxeres de Sants"]
[Date "2017.08.23"]
[Round "6"]
[White "Karthik Venkataraman"]
[Black "Dobrov, Vladimir"]
[Result "1/2-1/2"]
[WhiteElo "2316"]
[BlackElo "2510"]
[Annotator "TA"]
[PlyCount "141"]
[EventDate "2017.??.??"]
[EventType "swiss"]
[EventCountry "ESP"]
[SourceTitle "playchess.com"]
[Source "ChessBase"]
[SourceQuality "1"]

{[%evp 19,141,31,35,5,42,57,47,47,54,46,43,47,62,37,49,17,14,-29,0,0,0,0,0,0,56,0,0,0,0,-13,0,-55,0,0,0,0,0,-16,-12,-71,-75,-122,-118,-133,-131,-147,-132,-146,-139,-127,-129,-127,-133,-173,-125,-142,0,-145,-139,-147,-130,-158,-143,-142,-139,-135,-92,-139,-71,-73,-67,-75,-58,-113,-79,-90,-56,-65,-58,-133,-127,-139,-36,-24,-35,-36,-49,-47,-15,-318,-44,-48,-51,-39,-50,-47,-48,-47,-44,-49,-49,-43,-8,-8,-8,-8,-8,-10,-8,-8,-8,-8,0,-10,0,0,0,0,0,0,0,0,0,0]} 1. d4 Nf6 2. c4 e6 3. g3 Bb4+ 4. Bd2 Qe7 5. Nf3 Nc6 6. Nc3 O-O 7. Bg2 d6 8. O-O Bxc3 {E11: Bogo-Indian} (8... a5 9. Rc1 Bxc3 10. Bxc3 e5 11. d5 Nb8 12. c5 Nbd7 13. cxd6 cxd6 14. Nd2 b5 15. b3 Nb6 16. e4 b4 17. Bb2 Ba6 18. Re1 {½-½ (32) Riazantsev,A (2671)-Bologan,V (2640) Doha 2016}) 9. Bxc3 Ne4 10. Be1 f5 {LiveBook: 6 Games. White is slightly better.} 11. Qc2 e5 12. d5 Nb8 {[%cal Bc6b8,Bb8d7,Bd7f6][%mdl 32]} 13. Nh4 Ng5 14. f4 exf4 15. Rxf4 g6 16. Bc3 $146 {Threatens to win with Raf1.} ({Find the theoretical novelty and annotate with similar games:} 16. Nf3 Nd7 17. Nxg5 Qxg5 18. Bd2 Qe7 {½-½ (32) Carbajal,C (2157)-Leben,D (2335) ICCF email 2006}) 16... Nd7 17. Raf1 {Strongly threatening g4.} (17. Qd2 {with more complications.} Ne5 18. Nf3 Ngf7 19. b3 Bd7 20. Re1) 17... Nf6 $1 18. Qd3 (18. Bxf6 $5 Qe3+ 19. Kh1 Rxf6 20. g4 $14) 18... Bd7 19. Qd4 c5 20. dxc6 $1 bxc6 21. Rd1 Rad8 (21... Rf7 $11) 22. Qxa7 (22. Qxd6 $14 Qxd6 23. Rxd6) 22... c5 $11 23. Bxf6 $1 Rxf6 24. Qa5 Re8 25. Rf2 (25. Qd2 $11) 25... Ne4 (25... Bc6 $15) 26. Bxe4 $1 Qxe4 27. Qc3 Bc6 {[%csl Gc6][%cal Re4h1] [#]} 28. Qf3 Qc2 29. Qd3 (29. Qb3 $1 $11 Qxb3 30. axb3) 29... Qxb2 $40 {[%mdl 128] White is in trouble.} 30. Rdf1 Qe5 (30... Qxa2 $6 31. Qc3 $11) 31. Nf3 Qe7 32. Rd1 Re6 33. Kf1 Qf6 34. Qd2 Rd8 35. Qa5 Qe7 36. a3 Re8 {[%cal Re6e2]} 37. Qd2 Rd8 (37... Rf6 $17 38. Kg1 Qe4) 38. Qc3 (38. Qa5 $1 $11 {was the only way to keep the balance.}) 38... Re4 39. Qb3 Re3 40. Qb6 Ba8 41. a4 Re4 42. Qb3 Re8 {[%cal Re4e2]} 43. Qd3 Re6 (43... Qa7 $142 44. Qb3 Qa6) 44. a5 Qc7 45. Qd2 Qb7 (45... d5 $5 46. cxd5 Rd6 $17) 46. Qf4 (46. Kg1 $15) 46... Qb2 {[%cal Re6e2]} 47. Re1 Qa2 {White must now prevent ...Bxf3.} 48. Ng5 Re5 49. Qh4 ({Better is} 49. h4 $1 $15) 49... R5e7 50. Qf4 Rd7 (50... Qxa5 $17 {Hoping for ...Qc3.} 51. Qxd6 Qb4) 51. g4 $15 Be4 ({Don't play} 51... Qxa5 $6 52. gxf5 Qc3 53. f6 $16) 52. gxf5 Bxf5 53. e4 Qxc4+ 54. Ree2 $2 {[%mdl 8192] [#]} (54. Kg2 $11 {and White has nothing to worry.} Rde7 55. Qxd6) 54... Rde7 $2 ({Black should play} 54... d5 $1 $19 {aiming for ...h6.} 55. Kg2 dxe4) 55. Kg1 $1 {And now Rc2 would win.} h6 56. Rc2 hxg5 57. Rxc4 gxf4 58. exf5 gxf5 59. Rcxf4 {[%mdl 4096] Endgame KRR-KRR} Ra8 60. Rd2 Rg7+ 61. Kf2 {The position is equal.} Rg6 62. Rxf5 Rxa5 63. h4 {[%cal Bh2h4,Bh4h5][%mdl 32]} Kg7 64. h5 Re6 65. Kf3 Kh6 66. Rfd5 Ra3+ 67. Kg4 Rf6 68. Rxd6 Ra4+ 69. Kg3 Ra3+ 70. Kg4 Ra4+ 71. Kg3 {Precision: White = 48%, Black = 43%.} 1/2-1/2

[Event "XIX Sants Open 2017"]
[Site "Cotxeres de Sants"]
[Date "2017.08.23"]
[Round "6"]
[White "Petit Montes, Marc"]
[Black "Zverev, Lev"]
[Result "1/2-1/2"]
[WhiteElo "1948"]
[BlackElo "1372"]
[Annotator "NA RC"]
[PlyCount "70"]
[EventDate "2017.??.??"]
[EventType "swiss"]
[EventCountry "ESP"]
[SourceTitle "playchess.com"]
[Source "ChessBase"]
[SourceQuality "1"]
[TimeControl "40/5400+30:1800+30"]

1. e4 {[%emt 0:00:00]} e5 {[%emt 0:00:07]} 2. Nf3 {[%emt 0:00:00]} Nc6 {[%emt 0:00:08]} 3. d4 {[%emt 0:00:00]} exd4 {[%emt 0:00:11]} 4. Nxd4 {[%emt 0:00:28]} Bc5 {[%emt 0:00:10]} 5. Be3 {[%emt 0:00:37]} Qf6 {[%emt 0:00:09]} 6. Nb5 {[%emt 0:02:18]} Bxe3 {[%emt 0:00:44]} 7. fxe3 {[%emt 0:00:21]} Qd8 {[%emt 0:01:47] C45: Scotch Game} (7... Qh4+ 8. g3 Qd8 9. Qg4 g5 10. N1c3 d6 11. Qe2 Nf6 12. Bg2 a6 13. Nd4 Ne5 14. h3 Be6 15. O-O-O Qe7 16. Nd5 Nxd5 17. exd5 Bd7 18. Qe1 O-O-O 19. Rf1 {½-½ (19) Simacek,P (2441)-Malaniuk,V (2462) Ceske Budejovice 2015}) 8. Qg4 {[%emt 0:00:17]} g6 {[%emt 0:00:17]} 9. Qf4 {[%emt 0:00:50]} d6 {[%emt 0:00:21]} 10. Bc4 {[%emt 0:00:52]} Be6 {[%emt 0:00:59]} 11. Bxe6 {[%emt 0:01:51]} fxe6 {[%emt 0:00:10]} 12. O-O {[%emt 0:01:08]} Nge7 {[%emt 0:00:11]} 13. N1c3 {[%emt 0:41:02]} ({Much weaker is} 13. Qf7+ $6 Kd7 $11) 13... a6 {[%emt 0:02:36]} (13... g5 $16 {was worth a try.} 14. Qxg5 Kd7) 14. Nd4 {[%emt 0:01:26]} Nxd4 {[%emt 0:01:03]} 15. exd4 {[%emt 0:01:29]} Kd7 $146 {[%emt 0:00:19]} 16. Qf7 $2 {[%emt 0:04:43]} (16. Qg4 $18) 16... Qf8 {[%emt 0:00:21]} 17. d5 {[%emt 0:01:33]} Qxf7 {[%emt 0:00:18]} 18. Rxf7 {[%emt 0:00:08]} Raf8 {[%emt 0:00:28]} 19. Raf1 {[%emt 0:01:42]} Rxf7 {[%emt 0:00:18]} 20. Rxf7 {[%emt 0:00:08]} e5 {[%emt 0:02:22]} 21. Nd1 {[%emt 0:03:32]} Ke8 {[%emt 0:02:19]} 22. Rf3 {[%emt 0:00:21]} Rf8 {[%emt 0:00:08]} 23. Kf2 {[%emt 0:02:03]} Rxf3+ {[%emt 0:04:48]} 24. Kxf3 {[%emt 0:00:10]} Kf7 {[%emt 0:00:18]} 25. c4 {[%emt 0:01:02]} Ng8 {[%emt 0:02:12]} 26. b4 {[%emt 0:01:14]} Nf6 {[%emt 0:00:22]} 27. a4 {[%emt 0:02:30]} Ke7 {[%emt 0:00:22]} 28. a5 {[%emt 0:07:18]} Kd7 {[%emt 0:01:48]} 29. Ne3 {[%emt 0:02:20]} Ke7 {[%emt 0:02:43]} 30. Ng4 {[%emt 0:01:47]} Ng8 {[%emt 0:01:09]} 31. g3 {[%emt 0:02:09]} Kd7 {[%emt 0:03:42]} 32. Ne3 {[%emt 0:00:26]} Nf6 {[%emt 0:00:33]} 33. Ng4 {[%emt 0:00:34]} Ng8 {[%emt 0:00:10]} 34. Ne3 {[%emt 0:01:43]} Nf6 {[%emt 0:00:08]} 35. Ng4 $11 {[%emt 0:06:50]} Ke8 $2 1/2-1/2

[Event "XIX Sants Open 2017"]
[Site "Cotxeres de Sants"]
[Date "2017.08.23"]
[Round "6"]
[White "Alonso Gomez, Raul"]
[Black "Casset Bello, Elena"]
[Result "*"]
[WhiteElo "1938"]
[BlackElo "1936"]
[Annotator "NA RC"]
[PlyCount "35"]
[EventDate "2017.??.??"]
[EventType "swiss"]
[EventCountry "ESP"]
[SourceTitle "playchess.com"]
[Source "ChessBase"]
[SourceQuality "1"]
[TimeControl "40/5400+30:1800+30"]

{[%evp 15,31,22,6,12,8,-11,25,15,31,20,45,32767,32767,20,36,32767,32767,29]} 1. e4 {[%emt 0:00:00]} c5 {[%emt 0:02:24]} 2. Nf3 {[%emt 0:00:00]} d6 {[%emt 0:00:09]} 3. Bb5+ {[%emt 0:00:00]} Bd7 {[%emt 0:00:21]} 4. Bxd7+ {[%emt 0:00:00]} Nxd7 {[%emt 0:00:07]} 5. O-O {[%emt 0:00:06]} Ngf6 {[%emt 0:01:10]} 6. Qe2 {[%emt 0:00:06]} Rc8 {[%emt 0:04:23]} 7. b3 {[%emt 0:01:49]} g6 {[%emt 0:01:08]} 8. Bb2 {[%emt 0:00:18]} Bg7 {[%emt 0:00:11]} 9. d4 {[%emt 0:02:23]} cxd4 {[%emt 0:00:35]} 10. Nxd4 {[%emt 0:00:07]} O-O {[%emt 0:02:01]} 11. c4 {[%emt 0:00:15] LiveBook: 5 Games} Nc5 {[%emt 0:06:06]} 12. Nc3 {[%emt 0:03:01]} Nfd7 {[%emt 0:02:50]} 13. Rad1 {[%emt 0:00:42]} Re8 {[%emt 0:11:21]} 14. Kh1 {[%emt 0:02:18]} a6 $14 {[%emt 0:09:27]} 15. Qe3 {[%emt 0:15:37]} Nf6 {[%emt 0:15:59]} 16. f3 {[%emt 0:05:06]} Qb6 {[%emt 0:06:53]} 17. Qe2 {[%emt 0:08:53]} e6 {[%emt 0:04:28]} 18. Rfe1 {[%emt 0:02:12]} *

[Event "XIX Sants Open 2017"]
[Site "Cotxeres de Sants"]
[Date "2017.08.23"]
[Round "6"]
[White "Alonso Gomez, Raul"]
[Black "Casset Bello, Elena"]
[Result "0-1"]
[WhiteElo "1938"]
[BlackElo "1936"]
[Annotator "NA RC"]
[PlyCount "66"]
[EventDate "2017.??.??"]
[EventType "swiss"]
[EventCountry "ESP"]
[SourceTitle "playchess.com"]
[Source "ChessBase"]
[SourceQuality "1"]
[TimeControl "40/5400+30:1800+30"]

1. b3 {[%emt 0:00:00]} d5 {[%emt 0:01:05]} 2. Nf3 {[%emt 0:00:00]} Nf6 {[%emt 0:00:30]} 3. Bb2 {[%emt 0:00:00]} e6 {[%emt 0:01:58]} 4. e3 {[%emt 0:00:07]} Be7 {[%emt 0:00:57]} 5. c4 {[%emt 0:01:35]} O-O {[%emt 0:00:55]} 6. cxd5 {[%emt 0:02:13]} exd5 {[%emt 0:00:49]} 7. Be2 {[%emt 0:00:17]} c5 {[%emt 0:07:47]} 8. O-O {[%emt 0:06:20]} Nc6 {[%emt 0:00:40]} 9. d4 {[%emt 0:00:40]} Bg4 {[%emt 0:04:40]} 10. Nbd2 {[%emt 0:09:44]} Re8 {[%emt 0:05:23]} 11. Rc1 {[%emt 0:08:06]} cxd4 {[%emt 0:13:31]} 12. Nxd4 {[%emt 0:05:50]} Bd7 {[%emt 0:05:37]} 13. N2f3 {[%emt 0:03:19]} Nxd4 {[%emt 0:12:56]} 14. Nxd4 {[%emt 0:00:28]} a6 $14 {[%emt 0:04:26]} 15. Bf3 {[%emt 0:13:09]} Ne4 {[%emt 0:10:05]} 16. Qc2 {[%emt 0:09:19]} Rc8 {[%emt 0:02:01]} 17. Qd3 {[%emt 0:02:01]} Rxc1 {[%emt 0:00:33]} 18. Rxc1 {[%emt 0:00:14]} Bd6 {[%emt 0:06:04]} 19. g3 {[%emt 0:07:11]} Qf6 {[%emt 0:03:13]} 20. Rc2 {[%emt 0:11:39]} Qh6 {[%emt 0:00:42]} 21. Ne2 {[%emt 0:03:27]} Bf5 {[%emt 0:11:20]} 22. Qxd5 {[%emt 0:08:01]} Nxg3 {[%emt 0:01:48]} 23. Rd2 {[%emt 0:01:28]} Nxe2+ {[%emt 0:01:14]} 24. Rxe2 {[%emt 0:01:15]} Qxh2+ {[%emt 0:01:07]} 25. Kf1 {[%emt 0:00:14]} Bh3+ {[%emt 0:00:50]} 26. Ke1 {[%emt 0:04:02]} Bb4+ {[%emt 0:00:32]} 27. Kd1 {[%emt 0:01:37]} Qg1+ {[%emt 0:01:51]} 28. Kc2 {[%emt 0:00:02]} Rc8+ {[%emt 0:00:47]} 29. Kd3 {[%emt 0:00:36]} Qb1+ {[%emt 0:00:32]} 30. Kd4 {[%emt 0:01:06]} Qd1+ {[%emt 0:01:05]} 31. Ke4 {[%emt 0:00:23]} Qb1+ {[%emt 0:00:26]} 32. Kf4 {[%emt 0:00:28]} Qg6 {[%emt 0:00:33]} 33. Be4 {[%emt 0:01:08]} Qg4+ {[%emt 0:00:21] Bf3 Qg6} 0-1

[Event "XIX Sants Open 2017"]
[Site "Cotxeres de Sants"]
[Date "2017.08.23"]
[Round "6"]
[White "Sarto Ramos, Angel"]
[Black "Garcia Ruiz, Adrian"]
[Result "0-1"]
[WhiteElo "1932"]
[BlackElo "1940"]
[Annotator "NA RC"]
[PlyCount "91"]
[EventDate "2017.??.??"]
[EventType "swiss"]
[EventCountry "ESP"]
[SourceTitle "playchess.com"]
[Source "ChessBase"]
[SourceQuality "1"]
[TimeControl "40/5400+30:1800+30"]

1. d4 Nf6 2. Nf3 g6 3. Nc3 d6 4. Bg5 Bg7 5. Qd2 h6 6. Bh4 c6 7. h3 b5 8. e3 Qc7 9. Bd3 Bb7 10. O-O a6 11. Bg3 c5 12. dxc5 Qxc5 $14 13. Rad1 Nbd7 14. a3 O-O 15. Rfe1 Rac8 16. Nd4 Nb6 17. Nb3 Qc7 18. Be2 Nbd5 19. Nxd5 Bxd5 20. Bd3 Ne4 21. Bxe4 Bxe4 22. c3 Rb8 23. f3 Ba8 24. e4 a5 25. Bf2 b4 26. cxb4 axb4 27. a4 Qc4 28. Nd4 Qa6 29. b3 Rfc8 30. Rc1 Qa5 31. Ne2 d5 32. Bd4 dxe4 33. Bxg7 Kxg7 34. fxe4 Rd8 35. Qe3 Qe5 36. Nf4 Rd4 37. Nd3 Qxe4 38. Qxe4 Bxe4 39. Ne5 Bd5 40. Red1 Rxd1+ 41. Rxd1 e6 42. Rc1 f5 43. a5 Rb5 44. a6 Ra5 45. Rc2 Kf6 46. Rb2 {Kf7} 0-1

[Event "XIX Sants Open 2017"]
[Site "Cotxeres de Sants"]
[Date "2017.08.23"]
[Round "6"]
[White "Sarto Ramos, Angel"]
[Black "Garcia Ruiz, Adrian"]
[Result "*"]
[WhiteElo "1932"]
[BlackElo "1940"]
[Annotator "NA RC"]
[PlyCount "29"]
[EventDate "2017.??.??"]
[EventType "swiss"]
[EventCountry "ESP"]
[SourceTitle "playchess.com"]
[Source "ChessBase"]
[SourceQuality "1"]
[TimeControl "40/5400+30:1800+30"]

{[%evp 14,24,11,10,25,26,32767,32767,24,22,32767,45,36]} 1. b3 {[%emt 0:00:00]} d5 {[%emt 0:01:05]} 2. Nf3 {[%emt 0:00:00]} Nf6 {[%emt 0:00:30]} 3. Bb2 {[%emt 0:00:00]} e6 {[%emt 0:01:58]} 4. e3 {[%emt 0:00:07]} Be7 {[%emt 0:00:57]} 5. c4 {[%emt 0:01:35]} O-O {[%emt 0:00:55]} 6. cxd5 {[%emt 0:02:13]} exd5 {[%emt 0:00:49]} 7. Be2 {[%emt 0:00:17]} c5 {[%emt 0:07:47]} 8. O-O {[%emt 0:06:20]} Nc6 {[%emt 0:00:40] LiveBook: 35 Games} 9. d4 {[%emt 0:00:40]} Bg4 {[%emt 0:04:40]} 10. Nbd2 {[%emt 0:09:44]} Re8 {[%emt 0:05:23]} 11. Rc1 {[%emt 0:08:06]} cxd4 {[%emt 0:13:31]} 12. Nxd4 {[%emt 0:05:50]} Bd7 $14 {[%emt 0:05:37]} 13. N2f3 {[%emt 0:03:19]} Nxd4 {[%emt 0:12:56]} 14. Nxd4 {[%emt 0:00:28]} a6 {[%emt 0:04:26]} 15. Bf3 {[%emt 0:13:09]} *